[Event "Mercredi 2018.02.21 ABCD"]
[Site "Montreal CAN"]
[Date "2018.02.28"]
[Round "2"]
[White "Baran, Marius"]
[Black "Brassard, Sylvain"]
[Result "1/2-1/2"]
[WhiteElo "1851"]
[BlackElo "1884"]
[PlyCount "127"]
[EventDate "2018.02.21"]
[EventType "tourn"]
[EventRounds "5"]
[EventCountry "CAN"]

1. e4 g6 2. d4 Bg7 3. Nf3 d6 4. Bc4 Nf6 5. Qe2 c6 6. Bb3 b5 7. O-O O-O 8. Re1
Qb6 9. c3 Bb7 10. e5 dxe5 11. dxe5 Nd5 12. e6 f6 13. Bxd5 cxd5 14. Nd4 b4 15.
Nd2 bxc3 16. bxc3 Nc6 17. Rb1 Nxd4 18. cxd4 Qc6 19. Nb3 Ba6 20. Qd2 Rfc8 21.
Nc5 Rcb8 22. Ba3 Bc8 23. Qe3 f5 24. Nb3 Bf6 25. Nc5 Rb5 26. g3 Rab8 27. Rb3
Rxb3 28. axb3 Qb5 29. Bb2 Rb6 30. Ra1 a6 31. Bc3 Kg7 32. h4 Rb8 33. Ra4 Qc6 34.
Qe2 Rxb3 35. Nxb3 Qxa4 36. Nc5 Qc4 37. Qxc4 dxc4 38. Nd7 Bb7 39. Nc5 Bc8 40. f4
h6 41. Kf2 g5 42. hxg5 hxg5 43. fxg5 Bxg5 44. d5+ Bf6 45. Bxf6+ Kxf6 46. Nd7+
Kg7 47. Ke3 a5 48. Kd4 Ba6 49. Nb6 Kf8 50. Na4 c3 51. Ke3 Ke8 52. Kd4 Kd8 53.
Ke5 Bd3 54. d6 exd6+ 55. Kxd6 Bb5 56. Nxc3 Be8 57. Ke5 a4 58. Kxf5 a3 59. Kf6
Bh5 60. e7+ Ke8 61. Ke6 Bg4+ 62. Kf6 Bh5 63. Ke6 Bg4+ 64. Kf6 1/2-1/2

[Event "Mercredi 2018.02.21 ABCD"]
[Site "Montreal CAN"]
[Date "2018.02.28"]
[Round "2"]
[White "Barko, Maxim"]
[Black "Chang, Alexander RZ"]
[Result "1/2-1/2"]
[WhiteElo "1949"]
[BlackElo "1899"]
[PlyCount "96"]
[EventDate "2018.02.21"]
[EventType "tourn"]
[EventRounds "5"]
[EventCountry "CAN"]

1. d4 d5 2. c4 e6 3. Nc3 Nf6 4. Bg5 Be7 5. cxd5 exd5 6. Qc2 O-O 7. e3 Be6 8.
Bd3 h6 9. Bh4 Nbd7 10. Nge2 Re8 11. Nf4 Nf8 12. O-O c6 13. Nxe6 Nxe6 14. Rab1
a5 15. a3 Qc7 16. Bf5 Rad8 17. b4 axb4 18. axb4 b6 19. Na4 Nd7 20. Bxe7 Rxe7
21. Rfc1 Rc8 22. Qd3 Qd6 23. Qa6 Rb8 24. Rb3 Nc7 25. Qe2 Nb5 26. Qc2 Na7 27. h4
g6 28. Bd3 Nf6 29. b5 cxb5 30. Bxb5 Nxb5 31. Rxb5 Ng4 32. g3 Nxe3 33. Qc6 Qxc6
34. Rxc6 Nf5 35. Rxd5 b5 36. Nb6 b4 37. h5 Kg7 38. hxg6 fxg6 39. g4 Nh4 40.
Rdd6 Rf8 41. Rd7 Rxd7 42. Nxd7 Rf7 43. Ne5 Nf3+ 44. Nxf3 Rxf3 45. Rb6 b3 46.
Kg2 Rd3 47. d5 Rxd5 48. Rxb3 Kf6 1/2-1/2

[Event "Mercredi 2018.02.21 ABCD"]
[Site "Montreal CAN"]
[Date "2018.02.28"]
[Round "2"]
[White "Boudreau, Daniel"]
[Black "Tremblay, Alain"]
[Result "0-1"]
[WhiteElo "2118"]
[BlackElo "2070"]
[PlyCount "81"]
[EventDate "2018.02.21"]
[EventType "tourn"]
[EventRounds "5"]
[EventCountry "CAN"]

1. e4 c5 2. Nc3 g6 3. g3 Bg7 4. Bg2 Nc6 5. d3 d6 6. Be3 Nf6 7. h3 O-O 8. Qd2
Nd4 9. Nd1 e5 10. c3 Nc6 11. Bh6 d5 12. Bxg7 Kxg7 13. exd5 Nxd5 14. Ne3 Nxe3
15. fxe3 Qd6 16. Ne2 Be6 17. b3 Rad8 18. Rd1 Rd7 19. O-O Rfd8 20. Nc1 Qe7 21.
Qe2 Qg5 22. Kh2 h5 23. e4 h4 24. g4 Ne7 25. Rde1 b6 26. Rf3 Nc6 27. Qf2 a5 28.
Rf1 a4 29. b4 cxb4 30. Qxb6 Rd6 31. Qc5 bxc3 32. Qxc3 Nd4 33. R3f2 Rc6 34. Qa3
Rdc8 35. Ne2 Nc2 36. d4 Ne3 37. Rg1 Nc4 38. Qb4 exd4 39. Nxd4 Qe5+ 40. Kh1 Qxd4
41. e5 0-1

[Event "Mercredi 2018.02.21 ABCD"]
[Site "Montreal CAN"]
[Date "2018.02.28"]
[Round "2"]
[White "Gates, Claude-Eric"]
[Black "Nardone, Raul"]
[Result "1-0"]
[WhiteElo "1782"]
[BlackElo "1762"]
[PlyCount "97"]
[EventDate "2018.02.21"]
[EventType "tourn"]
[EventRounds "5"]
[EventCountry "CAN"]

1. Nf3 d5 2. d4 Nf6 3. c4 e6 4. Nc3 Be7 5. cxd5 exd5 6. Bg5 O-O 7. e3 Nbd7 8.
Bd3 Re8 9. O-O Nf8 10. Rb1 Ng6 11. b4 h6 12. Bxf6 Bxf6 13. b5 Bg4 14. h3 Be6
15. Qc2 Qd7 16. Ne2 Nh4 17. Nxh4 Bxh4 18. Nf4 Bf6 19. Rfc1 Rac8 20. Be2 Bf5 21.
Bd3 Bxd3 22. Nxd3 b6 23. Qc6 Re7 24. Nf4 Rd8 25. Qxd7 Rexd7 26. Rc6 Rc8 27.
Rbc1 Bd8 28. Nd3 Ra8 29. Ne5 Re7 30. R6c3 a6 31. Nc6 Rd7 32. Nxd8 Rdxd8 33.
Rxc7 axb5 34. Rb1 Ra5 35. Rb2 Rda8 36. Rcc2 Kf8 37. g4 Ke8 38. Kg2 Kd7 39. Kg3
Rc8 40. Kf4 Re8 41. h4 g6 42. Rb3 Rc8 43. Rcb2 Rca8 44. Ke5 Rxa2 45. Kxd5 R8a5
46. Ke5 b4+ 47. Kf6 R5a3 48. Rxb4 Rxb2 49. Rxb2 1-0

[Event "Mercredi 2018.02.21 ABCD"]
[Site "Montreal CAN"]
[Date "2018.02.28"]
[Round "2"]
[White "Guipi Bopala, Prince Eric jr"]
[Black "Jean, Robert"]
[Result "1-0"]
[WhiteElo "1838"]
[BlackElo "1736"]
[PlyCount "79"]
[EventDate "2018.02.21"]
[EventType "tourn"]
[EventRounds "5"]
[EventCountry "CAN"]

1. d4 Nf6 2. Nf3 d5 3. e3 c6 4. Bd3 Bg4 5. b3 e6 6. O-O Nbd7 7. Bb2 Bd6 8. Be2
O-O 9. Nbd2 Rc8 10. Ne5 Bxe2 11. Qxe2 Ne8 12. Nxd7 Qxd7 13. c4 Bb8 14. Rac1 f5
15. f4 Rf6 16. b4 Rh6 17. h3 Bd6 18. b5 Nf6 19. cxd5 exd5 20. bxc6 bxc6 21. Rc2
Bb4 22. Bc3 Bf8 23. Rb1 Ne8 24. Nf3 Nd6 25. Ne5 Qe8 26. Bb4 Ne4 27. Bxf8 Qxf8
28. Rb7 Qa3 29. Rcb2 Re6 30. R2b3 Qa5 31. Kh2 Nf6 32. R3b4 Qa3 33. Qc2 Ne4 34.
Rb8 Ree8 35. Qxc6 Rxb8 36. Qxd5+ Kh8 37. Nf7+ Kg8 38. Nh6+ Kh8 39. Qg8+ Rxg8
40. Nf7# 1-0

[Event "Mercredi 2018.02.21 ABCD"]
[Site "Montreal CAN"]
[Date "2018.02.28"]
[Round "2"]
[White "Have, Didier"]
[Black "Li, Sherry"]
[Result "0-1"]
[WhiteElo "2053"]
[BlackElo "2036"]
[PlyCount "96"]
[EventDate "2018.02.21"]
[EventType "tourn"]
[EventRounds "5"]
[EventCountry "CAN"]

1. d4 d5 2. Bf4 Nf6 3. e3 e6 4. c3 Bd6 5. Bg3 Nbd7 6. Nf3 Ne4 7. Nbd2 Nxg3 8.
hxg3 f5 9. Be2 Qf6 10. Qb3 O-O 11. O-O-O c6 12. Rh4 Qg6 13. Rdh1 h6 14. Qc2 Be7
15. R4h3 Qf6 16. Ne1 e5 17. Nd3 Bd6 18. f4 e4 19. Ne5 Qe6 20. g4 Nxe5 21. fxe5
Be7 22. gxf5 Qxf5 23. Qd1 Qg6 24. g4 Be6 25. Qg1 b5 26. Nb3 b4 27. cxb4 Bxb4
28. Rg3 Be7 29. Nc5 Bg5 30. Qg2 Rf7 31. Rf1 Rxf1+ 32. Qxf1 Rf8 33. Qe1 Bh4 34.
Qg1 Bxg3 35. Qxg3 Bc8 36. Kd2 h5 37. e6 Bxe6 38. Qd6 Bf7 39. Qd7 h4 40. Qe7 h3
41. Nd7 Re8 42. Qh4 Qh7 43. Qe1 h2 44. Qh1 Qh4 45. Ne5 Qf2 46. Qc1 Qg1 47. Qxc6
h1=Q 48. Nxf7 Qe1+ 0-1

[Event "Mercredi 2018.02.21 ABCD"]
[Site "Montreal CAN"]
[Date "2018.02.28"]
[Round "2"]
[White "Langlois-Remillard, Alexis"]
[Black "Lopez Linares, Lizandro"]
[Result "0-1"]
[WhiteElo "2068"]
[BlackElo "2242"]
[PlyCount "80"]
[EventDate "2018.02.21"]
[EventType "tourn"]
[EventRounds "5"]
[EventCountry "CAN"]

1. e4 d5 2. exd5 Qxd5 3. Nc3 Qa5 4. d4 c6 5. Bc4 Nf6 6. Nf3 Bf5 7. O-O e6 8.
Re1 Bb4 9. Bd2 O-O 10. a3 Bxc3 11. Bxc3 Qc7 12. Ne5 Nbd7 13. Bd3 Bg6 14. Nxg6
hxg6 15. Re3 Nd5 16. Rh3 Nxc3 17. bxc3 Nf6 18. Qf3 Rfd8 19. Re1 Rd5 20. Be4 Rh5
21. c4 Rxh3 22. Qxh3 Qa5 23. Kf1 Rd8 24. Qd3 e5 25. d5 cxd5 26. Bxd5 e4 27. Qb3
Nxd5 28. cxd5 Rxd5 29. Qxb7 f5 30. Qb3 Qd2 31. Re2 Qd4 32. c4 Rc5 33. Qb8+ Kh7
34. Qxa7 Qxc4 35. Qe7 Rd5 36. Qh4+ Kg8 37. f3 Rd2 38. Qe1 e3 39. a4 Qd3 40. g3
Rd1 0-1

[Event "Mercredi 2018.02.21 ABCD"]
[Site "Montreal CAN"]
[Date "2018.02.28"]
[Round "2"]
[White "Millette, Sylvain"]
[Black "Dumouchel, Alain"]
[Result "0-1"]
[WhiteElo "1727"]
[BlackElo "1809"]
[PlyCount "70"]
[EventDate "2018.02.21"]
[EventType "tourn"]
[EventRounds "5"]
[EventCountry "CAN"]

1. Nf3 Nf6 2. g3 g6 3. Bg2 Bg7 4. d4 d6 5. c4 O-O 6. Nc3 Na6 7. O-O Bg4 8. h3
Bxf3 9. Bxf3 c6 10. e4 e5 11. dxe5 dxe5 12. a3 Nc5 13. Be3 Ne6 14. Ne2 Nd7 15.
Qd6 Qf6 16. Bg4 Nb6 17. Bxb6 axb6 18. Bxe6 fxe6 19. Qc7 Rf7 20. Qxb6 h5 21. f4
Rd7 22. Rad1 Rad8 23. Rxd7 Rxd7 24. Qb3 h4 25. g4 exf4 26. Rxf4 Qe7 27. Qb4 c5
28. Qb3 Rd2 29. Qe3 Rxb2 30. Rf3 Rb1+ 31. Kg2 Rb2 32. e5 Qc7 33. Qe4 Kh7 34. g5
Qxe5 35. Qxh4+ Kg8 0-1

[Event "Mercredi 2018.02.21 ABCD"]
[Site "Montreal CAN"]
[Date "2018.02.28"]
[Round "2"]
[White "Nesterov, Timour"]
[Black "Zumsteg, Nicolas"]
[Result "0-1"]
[WhiteElo "1847"]
[BlackElo "1860"]
[PlyCount "92"]
[EventDate "2018.02.21"]
[EventType "tourn"]
[EventRounds "5"]
[EventCountry "CAN"]

1. d4 Nf6 2. Bf4 d5 3. e3 Bf5 4. Nf3 e6 5. Nbd2 Nbd7 6. Be2 Bd6 7. Bg3 O-O 8.
c4 Bxg3 9. hxg3 c5 10. cxd5 exd5 11. O-O Qb6 12. Nh4 Be6 13. dxc5 Nxc5 14. b3
a5 15. Nhf3 a4 16. Nd4 Nfe4 17. Nxe4 Nxe4 18. Bf3 axb3 19. Qxb3 Qxb3 20. axb3
Nd2 21. Rfd1 Nxf3+ 22. gxf3 Rfc8 23. Kf1 Kf8 24. Ke2 Ke7 25. Kd3 Bd7 26. Rdc1
Rxc1 27. Rxa8 f6 28. Ra7 Rc7 29. b4 Kd6 30. Ra8 Rc8 31. Ra7 Rc7 32. Ra5 b6 33.
Ra8 Rc8 34. Ra1 Rc4 35. Rb1 h6 36. e4 Rc7 37. Rb2 Ra7 38. f4 Ra3+ 39. Ke2 dxe4
40. Rd2 Bg4+ 41. Kf1 Rd3 42. Rxd3 exd3 43. f3 Kd5 44. Nb3 Bxf3 45. Nd2 Bg4 46.
Kf2 Kd4 0-1

[Event "Mercredi 2018.02.21 ABCD"]
[Site "Montreal CAN"]
[Date "2018.02.28"]
[Round "2"]
[White "Nunez, Omar"]
[Black "Jacquet, Stephane"]
[Result "1/2-1/2"]
[WhiteElo "1968"]
[BlackElo "1991"]
[PlyCount "87"]
[EventDate "2018.02.21"]
[EventType "tourn"]
[EventRounds "5"]
[EventCountry "CAN"]

1. d4 Nf6 2. Nf3 g6 3. Bf4 Bg7 4. e3 O-O 5. Be2 c5 6. O-O cxd4 7. exd4 d6 8. c4
Nc6 9. Nc3 Bg4 10. Qd2 Rc8 11. Rfe1 a6 12. b3 Qc7 13. Rac1 Rfe8 14. h3 Bxf3 15.
Bxf3 Nxd4 16. Qxd4 e5 17. Qd2 exf4 18. Qxf4 Rxe1+ 19. Rxe1 b5 20. Nd5 Nxd5 21.
Bxd5 Be5 22. Qe4 Re8 23. Kf1 Re7 24. Qd3 b4 25. h4 Kg7 26. h5 Qd7 27. hxg6 hxg6
28. Qf3 a5 29. Re4 a4 30. Re2 axb3 31. axb3 Qd8 32. g3 Ra7 33. Kg2 Qa5 34. Qd3
Qa1 35. Qe3 Qd4 36. f4 Qxe3 37. Rxe3 Bd4 38. Rd3 Ra2+ 39. Kf3 Rf2+ 40. Ke4 Bc5
41. g4 f6 42. Rf3 Rg2 43. Be6 Rd2 44. Rd3 1/2-1/2

[Event "Mercredi 2018.02.21 ABCD"]
[Site "Montreal CAN"]
[Date "2018.02.28"]
[Round "2"]
[White "Zhe, Jia"]
[Black "Pomerantz, Daniel"]
[Result "1/2-1/2"]
[WhiteElo "1973"]
[BlackElo "2029"]
[PlyCount "52"]
[EventDate "2018.02.21"]
[EventType "tourn"]
[EventRounds "5"]
[EventCountry "CAN"]

1. Nf3 c5 2. c4 Nc6 3. e3 Nf6 4. d4 cxd4 5. exd4 d5 6. cxd5 Nxd5 7. Nc3 e6 8.
Bd3 Be7 9. O-O Bf6 10. Bb1 Nxc3 11. bxc3 O-O 12. Re1 Ne7 13. h4 Nd5 14. Qd3 g6
15. h5 Qc7 16. Bd2 Nf4 17. Bxf4 Qxf4 18. Ne5 Bxe5 19. dxe5 b6 20. Qe4 Qxe4 21.
Bxe4 Rb8 22. hxg6 hxg6 23. Rad1 Bb7 24. Rd7 Bxe4 25. Rxe4 Rbc8 26. Rxa7 Rxc3
1/2-1/2

[Event "Mercredi 2018.02.21 ABCD"]
[Site "Montreal CAN"]
[Date "2018.03.07"]
[Round "3"]
[White "Brassard, Sylvain"]
[Black "Barko, Maxim"]
[Result "1-0"]
[WhiteElo "1884"]
[BlackElo "1949"]
[PlyCount "113"]
[EventDate "2018.02.21"]
[EventType "tourn"]
[EventRounds "5"]
[EventCountry "CAN"]

1. d4 e6 2. Bf4 c5 3. e3 Nc6 4. c3 Nf6 5. Nd2 b6 6. Ngf3 Bb7 7. Bd3 cxd4 8.
exd4 d6 9. Qe2 Be7 10. h3 Qc7 11. O-O h6 12. Bh2 Rg8 13. Ne4 O-O-O 14. a3 g5
15. Nxf6 Bxf6 16. d5 exd5 17. Bf5+ Kb8 18. Rfe1 h5 19. Nd4 a6 20. Nxc6+ Qxc6
21. Qxh5 g4 22. Bxg4 d4 23. f3 dxc3 24. bxc3 Bxc3 25. Rac1 b5 26. Re3 Bd4 27.
Rxc6 Bxe3+ 28. Kh1 Bxc6 29. Qxf7 Rge8 30. Bg3 Bc5 31. Qb3 Re3 32. Qc2 Rxa3 33.
h4 b4 34. Be6 Rc3 35. Qa2 Kb7 36. Kh2 d5 37. Qa5 Bb6 38. Qxb4 d4 39. Qe7+ Ka8
40. Bc7 Re8 41. Qd6 Ba7 42. Bd7 Bxd7 43. Qxd7 Rxc7 44. Qxe8+ Kb7 45. Qe4+ Kb8
46. h5 Rd7 47. Qd3 a5 48. h6 a4 49. h7 Rd8 50. Qb5+ Ka8 51. Qxa4 d3 52. Qc6+
Kb8 53. Qb5+ Kc8 54. Qc6+ Kb8 55. Qf6 Rc8 56. h8=Q d2 57. Qb2+ 1-0

[Event "Mercredi 2018.02.21 ABCD"]
[Site "Montreal CAN"]
[Date "2018.03.07"]
[Round "3"]
[White "Chang, Alexander RZ"]
[Black "Nesterov, Timour"]
[Result "1/2-1/2"]
[WhiteElo "1899"]
[BlackElo "1847"]
[PlyCount "60"]
[EventDate "2018.02.21"]
[EventType "tourn"]
[EventRounds "5"]
[EventCountry "CAN"]

1. e4 e6 2. d4 d5 3. exd5 exd5 4. Bd3 Bd6 5. Nf3 Ne7 6. O-O Bf5 7. Bxf5 Nxf5 8.
Re1+ Ne7 9. Nbd2 Nd7 10. Nf1 h6 11. Ne3 O-O 12. c3 c6 13. Qd3 Nf6 14. Bd2 Ne4
15. c4 Qd7 16. cxd5 Nxd2 17. Nxd2 Nxd5 18. Nxd5 cxd5 19. Nf3 Rfe8 20. Ne5 Qe6
21. Re3 Rac8 22. Rae1 Bxe5 23. Rxe5 Qd7 24. Rxe8+ Rxe8 25. Rxe8+ Qxe8 26. g3
Qd7 27. Kg2 a6 28. a3 b5 29. Qc2 Qe6 30. b3 g6 1/2-1/2

[Event "Mercredi 2018.02.21 ABCD"]
[Site "Montreal CAN"]
[Date "2018.03.07"]
[Round "3"]
[White "Dumouchel, Alain"]
[Black "Gates, Claude-Eric"]
[Result "1/2-1/2"]
[WhiteElo "1809"]
[BlackElo "1782"]
[PlyCount "117"]
[EventDate "2018.02.21"]
[EventType "tourn"]
[EventRounds "5"]
[EventCountry "CAN"]

1. e4 c5 2. Nf3 g6 3. d4 cxd4 4. Qxd4 Nf6 5. e5 Nc6 6. Qa4 Nd5 7. Qe4 Ndb4 8.
Bb5 Qa5 9. Nc3 Bg7 10. a3 Na6 11. Bg5 Nc5 12. Qe3 Ne6 13. Bh6 Bxh6 14. Qxh6
Ned4 15. Nxd4 Nxd4 16. Qg7 Rf8 17. Ba4 Nf5 18. b4 Qc7 19. Nb5 Qc4 20. Qxh7 a6
21. Bb3 Qxb5 22. O-O-O Qxe5 23. Kb1 d6 24. Rhe1 Qf6 25. g4 Ng7 26. g5 Qf5 27.
Qxg7 Be6 28. Bxe6 fxe6 29. f4 Rc8 30. Re2 Kd7 31. Red2 Rc4 32. Rxd6+ Kc8 33.
R6d3 Rc7 34. h4 Kb8 35. R1d2 Rfc8 36. Qd4 Ka8 37. Qe3 Rc4 38. Rd8 Rxc2 39.
Rxc8+ Rxc8+ 40. Kb2 Qg4 41. Re2 Rc6 42. Rd2 Rd6 43. Rc2 Kb8 44. Qf2 Qd1 45. Qc5
Qd4+ 46. Qxd4 Rxd4 47. Rf2 Rd3 48. Re2 Rf3 49. Re4 Kc7 50. Rxe6 Rxf4 51. Rxe7+
Kc8 52. Rh7 Rf3 53. Rg7 Rh3 54. Rg8+ Kc7 55. Rg7+ Kc8 56. Rh7 Kb8 57. a4 Kc8
58. b5 axb5 59. axb5 1/2-1/2

[Event "Mercredi 2018.02.21 ABCD"]
[Site "Montreal CAN"]
[Date "2018.03.07"]
[Round "3"]
[White "Jacquet, Stephane"]
[Black "Zhe, Jia"]
[Result "0-1"]
[WhiteElo "1991"]
[BlackElo "1973"]
[PlyCount "63"]
[EventDate "2018.02.21"]
[EventType "tourn"]
[EventRounds "5"]
[EventCountry "CAN"]

1. d4 d5 2. c4 c6 3. Nc3 Nf6 4. Nf3 dxc4 5. a4 Bf5 6. e3 e6 7. Bxc4 Bb4 8. O-O
O-O 9. Qe2 Bg6 10. Ne5 Nbd7 11. Nxg6 hxg6 12. e4 e5 13. dxe5 Nxe5 14. Bg5 Qa5
15. f4 Qc5+ 16. Kh1 Nxc4 17. e5 Bxc3 18. exf6 Bxb2 19. fxg7 Rfe8 20. Qg4 Ne3
21. Qh4 Bxg7 22. Rac1 Qd5 23. Rf2 Nd1 24. Rf1 Re2 25. Qg3 Ne3 26. Rf2 Rxf2 27.
Qxf2 Bd4 28. Qg3 Nf5 29. Qg4 Re8 30. h4 Qb3 31. Rd1 Ne3 32. Qd7 0-1

[Event "Mercredi 2018.02.21 ABCD"]
[Site "Montreal CAN"]
[Date "2018.03.07"]
[Round "3"]
[White "Jean, Robert"]
[Black "Millette, Sylvain"]
[Result "1-0"]
[WhiteElo "1736"]
[BlackElo "1727"]
[PlyCount "61"]
[EventDate "2018.02.21"]
[EventType "tourn"]
[EventRounds "5"]
[EventCountry "CAN"]

1. d4 Nf6 2. c4 g6 3. Nc3 d5 4. Bf4 c6 5. e3 Bg7 6. Nf3 Qa5 7. Nd2 O-O 8. Nb3
Qd8 9. Be2 Nbd7 10. Rc1 dxc4 11. Bxc4 Nb6 12. Be2 Nbd5 13. Be5 Nxc3 14. bxc3 b6
15. O-O a5 16. a4 Ba6 17. c4 e6 18. Qc2 Nd7 19. Bxg7 Kxg7 20. Rfd1 Qe7 21. Nd2
e5 22. Bf3 exd4 23. exd4 Rac8 24. Rb1 Qd6 25. Ne4 Qc7 26. Qc3 Kg8 27. c5 bxc5
28. dxc5 Rb8 29. Rbc1 Rb4 30. Rxd7 Qf4 31. g3 1-0

[Event "Mercredi 2018.02.21 ABCD"]
[Site "Montreal CAN"]
[Date "2018.03.07"]
[Round "3"]
[White "Li, Sherry"]
[Black "Nunez, Omar"]
[Result "1-0"]
[WhiteElo "2036"]
[BlackElo "1968"]
[PlyCount "49"]
[EventDate "2018.02.21"]
[EventType "tourn"]
[EventRounds "5"]
[EventCountry "CAN"]

1. e4 d5 2. exd5 Qxd5 3. Nc3 Qa5 4. d4 Nf6 5. Nf3 Nc6 6. h3 Ne4 7. d5 Nxc3 8.
bxc3 Nb8 9. Qd4 e6 10. Bc4 Qb6 11. Qe4 Bc5 12. O-O O-O 13. Ng5 g6 14. dxe6 Bxe6
15. Nxe6 fxe6 16. Bxe6+ Kg7 17. Qe5+ Rf6 18. Bh6+ Kxh6 19. Qxf6 Nc6 20. g4 Rf8
21. g5+ Kh5 22. Bf7 Be7 23. Qg7 Kxg5 24. h4+ Kf5 25. Rae1 1-0

[Event "Mercredi 2018.02.21 ABCD"]
[Site "Montreal CAN"]
[Date "2018.03.07"]
[Round "3"]
[White "Nardone, Raul"]
[Black "Guipi Bopala, Prince Eric jr"]
[Result "1-0"]
[WhiteElo "1762"]
[BlackElo "1838"]
[PlyCount "79"]
[EventDate "2018.02.21"]
[EventType "tourn"]
[EventRounds "5"]
[EventCountry "CAN"]

1. Nf3 d5 2. d4 e6 3. Bg5 Nf6 4. Nbd2 Be7 5. e3 O-O 6. Bd3 c5 7. c3 b6 8. Ne5
Bb7 9. Qf3 h6 10. h4 Nbd7 11. Bf4 Nxe5 12. dxe5 Nd7 13. Qg3 Kh8 14. Nf3 c4 15.
Bc2 b5 16. Nd4 b4 17. Nxe6 fxe6 18. Qg6 Rf5 19. Qxe6 Rxf4 20. exf4 Nf8 21. Qg4
bxc3 22. bxc3 Qa5 23. O-O Qxc3 24. Bf5 Qa5 25. Rac1 Ba6 26. Bb1 d4 27. Rfe1 Rd8
28. f5 Qb6 29. Qh5 d3 30. Re3 Bc5 31. Re4 Qb2 32. Rf1 c3 33. Rg4 c2 34. f6
cxb1=Q 35. fxg7+ Kg8 36. gxf8=Q+ Kxf8 37. Qf5+ Ke8 38. Rg8+ Ke7 39. Rg7+ Ke8
40. Qf7# 1-0

[Event "Mercredi 2018.02.21 ABCD"]
[Site "Montreal CAN"]
[Date "2018.03.07"]
[Round "3"]
[White "Pomerantz, Daniel"]
[Black "Have, Didier"]
[Result "1/2-1/2"]
[WhiteElo "2029"]
[BlackElo "2053"]
[PlyCount "77"]
[EventDate "2018.02.21"]
[EventType "tourn"]
[EventRounds "5"]
[EventCountry "CAN"]

1. e4 d6 2. d4 Nf6 3. Nc3 Nbd7 4. Nf3 e5 5. Bc4 Be7 6. O-O c6 7. a4 h6 8. Re1
Qc7 9. h3 g5 10. Be3 g4 11. hxg4 Nxg4 12. Bb3 Ndf6 13. Qd2 Nxe3 14. Qxe3 Ng4
15. Qd2 Rg8 16. Rad1 h5 17. Ne2 h4 18. Qc3 Bd7 19. Nc1 O-O-O 20. dxe5 Nxe5 21.
Nxe5 dxe5 22. Bxf7 Rg7 23. Qb3 h3 24. g3 Kb8 25. Be6 Bc5 26. Bxd7 Rdxd7 27.
Rxd7 Qxd7 28. Qd3 Qe7 29. Rd1 Bb6 30. Kh2 Qf7 31. Qd6+ Bc7 32. Qc5 Qf3 33. Rg1
Rf7 34. Nd3 Bb6 35. Qxe5+ Kc8 36. Qe6+ Kb8 37. Qe5+ Kc8 38. Qe6+ Kb8 39. Qe5+
1/2-1/2

[Event "Mercredi 2018.02.21 ABCD"]
[Site "Montreal CAN"]
[Date "2018.03.07"]
[Round "3"]
[White "Tremblay, Alain"]
[Black "Langlois-Remillard, Alexis"]
[Result "0-1"]
[WhiteElo "2070"]
[BlackElo "2068"]
[PlyCount "102"]
[EventDate "2018.02.21"]
[EventType "tourn"]
[EventRounds "5"]
[EventCountry "CAN"]

1. e4 e6 2. d4 d5 3. Nd2 Nf6 4. e5 Nfd7 5. Bd3 c5 6. c3 Nc6 7. Ne2 cxd4 8. cxd4
f6 9. exf6 Nxf6 10. Nf3 Bd6 11. O-O Qc7 12. Bg5 O-O 13. Rc1 h6 14. Bh4 Nh5 15.
Bg6 Rxf3 16. gxf3 Bxh2+ 17. Kg2 Nf4+ 18. Nxf4 Qxf4 19. Bg3 Bxg3 20. fxg3 Qf6
21. Qd3 Ne7 22. Bh5 Nf5 23. Bg4 Nxd4 24. Rc7 Nc6 25. Qb5 Qd8 26. Rxc6 bxc6 27.
Qxc6 Rb8 28. Bxe6+ Bxe6 29. Qxe6+ Kh8 30. Qe5 d4 31. b3 Rc8 32. Rd1 Rc2+ 33.
Kh3 d3 34. Qe3 Qc8+ 35. g4 Qc7 36. f4 Qc6 37. Rxd3 Qh1+ 38. Kg3 Rg2+ 39. Kf3
Qf1+ 40. Ke4 Re2 41. a4 Qg2+ 42. Kf5 Rxe3 43. Rxe3 Qd5+ 44. Kg6 Qd6+ 45. Kf5
g6+ 46. Ke4 Kg7 47. Kf3 Qd1+ 48. Kg3 Qg1+ 49. Kf3 Kf6 50. Rd3 Qf1+ 51. Ke3 Qh3+
0-1

[Event "Mercredi 2018.02.21 ABCD"]
[Site "Montreal CAN"]
[Date "2018.03.07"]
[Round "3"]
[White "Zheng, Richard"]
[Black "Boudreau, Daniel"]
[Result "1/2-1/2"]
[WhiteElo "2098"]
[BlackElo "2118"]
[PlyCount "81"]
[EventDate "2018.02.21"]
[EventType "tourn"]
[EventRounds "5"]
[EventCountry "CAN"]

1. d4 Nf6 2. c4 e6 3. Nc3 Bb4 4. Qc2 c5 5. e3 b6 6. Nf3 Bb7 7. Be2 Ne4 8. O-O
f5 9. a3 Bxc3 10. bxc3 O-O 11. Bb2 Rf6 12. d5 Rh6 13. Rad1 d6 14. g3 Nd7 15.
Ne1 e5 16. f3 Ng5 17. Qxf5 Bc8 18. Qc2 Nh3+ 19. Kh1 Nf6 20. Bd3 Qd7 21. g4 g6
22. Qg2 g5 23. Be2 Qe7 24. Bc1 Bd7 25. Bd2 Re8 26. Nd3 e4 27. Nf2 Nxf2+ 28.
Rxf2 exf3 29. Bxf3 Rh4 30. e4 Nxg4 31. Bxg4 Rxg4 32. Qf3 Qxe4 33. Qxe4 Rgxe4
34. Bxg5 Bh3 35. Rg1 Re1 36. Bd2+ Rxg1+ 37. Kxg1 Re4 38. Rf6 Re2 39. Rf2 Re4
40. Rf6 Re2 41. Rf2 1/2-1/2

[Event "Mercredi 2018.02.21 ABCD"]
[Site "Montreal CAN"]
[Date "2018.03.07"]
[Round "3"]
[White "Zumsteg, Nicolas"]
[Black "Baran, Marius"]
[Result "0-1"]
[WhiteElo "1860"]
[BlackElo "1851"]
[PlyCount "68"]
[EventDate "2018.02.21"]
[EventType "tourn"]
[EventRounds "5"]
[EventCountry "CAN"]

1. e4 e5 2. Nf3 Nf6 3. Nxe5 d6 4. Nf3 Nxe4 5. Nc3 Nxc3 6. dxc3 Be7 7. Be3 Nc6
8. Bd3 Be6 9. Qd2 Qd7 10. Nd4 a6 11. O-O-O Bf6 12. Nxe6 fxe6 13. Rhe1 O-O 14.
a3 Rae8 15. f4 b5 16. Be4 Na5 17. b3 d5 18. Bc5 Be7 19. Bxe7 Qxe7 20. Bf3 Qxa3+
21. Kb1 c6 22. Bg4 Qd6 23. Re5 Nb7 24. Rde1 Nc5 25. b4 Na4 26. Bxe6+ Kh8 27. g3
Rd8 28. Qd3 d4 29. cxd4 Qxb4+ 30. Qb3 Qxd4 31. R5e3 Nc5 32. Qc3 Nxe6 33. Qxc6
Qb4+ 34. Rb3 Qxe1+ 0-1

[Event "Mercredi 2018.02.21 ABCD"]
[Site "Montreal CAN"]
[Date "2018.03.14"]
[Round "4"]
[White "Barko, Maxim"]
[Black "Zumsteg, Nicolas"]
[Result "1-0"]
[WhiteElo "1949"]
[BlackElo "1860"]
[PlyCount "57"]
[EventDate "2018.02.21"]
[EventType "tourn"]
[EventRounds "5"]
[EventCountry "CAN"]

1. d4 Nf6 2. c4 g6 3. Nc3 d5 4. cxd5 Nxd5 5. Bd2 Bg7 6. e4 Nxc3 7. Bxc3 O-O 8.
Bc4 c5 9. d5 e6 10. Qb3 Qh4 11. Qc2 Qg4 12. f3 Qh4+ 13. g3 Qe7 14. O-O-O Bd7
15. Bxg7 Kxg7 16. Qc3+ e5 17. f4 f6 18. Nf3 exf4 19. e5 fxe5 20. Rhe1 b5 21.
Rxe5 Qd6 22. Ng5 bxc4 23. Ne4 Qxe5 24. Qxe5+ Kh6 25. g4 Na6 26. g5+ Kh5 27.
Nf6+ Kh4 28. Qxf4+ Kh3 29. Qg3# 1-0

[Event "Mercredi 2018.02.21 ABCD"]
[Site "Montreal CAN"]
[Date "2018.03.14"]
[Round "4"]
[White "Chang, Alexander RZ"]
[Black "Brassard, Sylvain"]
[Result "1-0"]
[WhiteElo "1899"]
[BlackElo "1884"]
[PlyCount "49"]
[EventDate "2018.02.21"]
[EventType "tourn"]
[EventRounds "5"]
[EventCountry "CAN"]

1. e4 Nf6 2. e5 Nd5 3. c4 Nb6 4. d4 d6 5. exd6 cxd6 6. Nf3 g6 7. Nc3 Bg7 8. Be2
O-O 9. O-O Bg4 10. Be3 Nc6 11. b3 d5 12. c5 Nc8 13. h3 Bxf3 14. Bxf3 e6 15. Qd2
a6 16. Rac1 N8e7 17. Ne2 Nf5 18. g3 Qf6 19. Rfd1 Nh4 20. Bg2 Nf3+ 21. Bxf3 Qxf3
22. Rc3 h5 23. Bg5 Qf5 24. g4 hxg4 25. Ng3 1-0

[Event "Mercredi 2018.02.21 ABCD"]
[Site "Montreal CAN"]
[Date "2018.03.14"]
[Round "4"]
[White "Guipi Bopala, Prince Eric jr"]
[Black "Dumouchel, Alain"]
[Result "1-0"]
[WhiteElo "1838"]
[BlackElo "1809"]
[PlyCount "69"]
[EventDate "2018.02.21"]
[EventType "tourn"]
[EventRounds "5"]
[EventCountry "CAN"]

1. d4 Nf6 2. c4 g6 3. Nc3 Bg7 4. e4 d6 5. f3 O-O 6. Be3 Nc6 7. Nge2 e5 8. d5
Ne7 9. Qd2 Nd7 10. g4 b5 11. Nxb5 Ba6 12. Na3 Nb6 13. Nc3 f5 14. gxf5 gxf5 15.
Bh6 Ng6 16. O-O-O f4 17. Bxg7 Kxg7 18. Qf2 Qh4 19. Qg2 Rg8 20. Bd3 Kf6 21. Qe2
Nd7 22. Ncb5 Bxb5 23. Nxb5 Rgc8 24. Rdg1 a6 25. Nc3 Rg8 26. Rg4 Qh5 27. Qf2 Ne7
28. Rhg1 Rg6 29. Bf1 Rh6 30. h4 Rg6 31. Bh3 Nf8 32. c5 Rxg4 33. Rxg4 Nfg6 34.
cxd6 cxd6 35. Qb6 1-0